000 00261nam a2200109Ia 4500
008 220204s9999 xx 000 0 und d
082 _a82-3MB
_bARB
100 _aArbor, Jane
245 4 _aThe Devil drives
260 _aLondon
_bMills and Boon
_c1979
942 _cBK
999 _c35729
_d35729